000 00526nam a22001577a 4500
008 160809b xxu||||| |||| 00| 0 eng d
020 _a978-971-9617-28-0
082 _aDFil 363.232 F66p 2015
100 _912531
_aFlorendo, Adelene M.
245 _aPolice patrol operations and communications system/
_cEdelene Maghinay Florendo.
260 _aQuezon City:
_bWiseman's Books Trading,
_cc2015.
300 _a360 pages:
_billustrations;
_c22 cm.
650 0 _912532
_aPolice patrol.
365 _b598.00
_cPhp
942 _2ddc
_cDFIL
999 _c3765
_d3765